Teens and Sex : (Record no. 612528)

MARC details
000 -LEADER
fixed length control field 00479nam a2200181 a 4500
008 - FIXED-LENGTH DATA ELEMENTS--GENERAL INFORMATION
fixed length control field 260214s2008##################000#0#eng##
020 ## - INTERNATIONAL STANDARD BOOK NUMBER
ISBN 9780737732696
082 04 - DEWEY DECIMAL CLASSIFICATION NUMBER
Classification number 306.70835
Item number NEL
100 1# - MAIN ENTRY--AUTHOR NAME
Personal name Nelson, David Erik,
245 10 - TITLE STATEMENT
Title Teens and Sex :
260 ## - PUBLICATION, DISTRIBUTION, ETC. (IMPRINT)
Name of publisher Greenhaven Press, Incorporated,
Year of publication 2008.
650 #0 - SUBJECT ADDED ENTRY--TOPICAL TERM
Topical Term Teenagers.
942 ## - ADDED ENTRY ELEMENTS (KOHA)
Koha item type English Books
Holdings
Withdrawn status Lost status Damaged status Not for loan Home library Current library Shelving location Date acquired Full call number Accession Number Price effective from Koha item type
        Anna Centenary Library Anna Centenary Library 3RD FLOOR, B WING 14.02.2026 306.70835 NEL 202661 14.02.2026 English Books

Find us on the map